Viacrozmerné riadenie chemického reaktora

Guardado en:
Detalles Bibliográficos
Autor principal: Hatvanyi, Matej (Autor)
Otros Autores: Klaučo, Martin (Orientador)
Formato: Manuscrito Libro
Lenguaje:eslovaco
Publicado: 2019
Materias:
Acceso en línea:http://is.stuba.sk/zp/portal_zp.pl?podrobnosti=139435
Etiquetas: Agregar Etiqueta
Sin Etiquetas, Sea el primero en etiquetar este registro!

MARC

LEADER 00000ntm a22000003a 4500
001 stuzp69865
003 SK-STU
005 20190622210629.5
007 ta
008 150427s2015----xo-----f-mn---000-0-slo-d
040 |a STU  |b slo 
041 0 |a slo 
100 1 |a Hatvanyi, Matej  |u 047220  |4 aut  |U FCHPT Ústav informatizácie, automatizácie a matematiky  |T FCHPT Oddelenie informatizácie a riadenia procesov  |X 82053  |U C7220  |Y 121  |7 82053 
242 0 1 |a MIMO Control of a Chemical Reactor  |y eng 
245 1 0 |a Viacrozmerné riadenie chemického reaktora 
260 |c 2019 
650 4 |a chemický reaktor  |2 slo 
650 4 |a nelineárny matematický model  |2 slo 
650 4 |a lineárny matematický model  |2 slo 
650 4 |a PID  |2 slo 
650 4 |a LQR  |2 slo 
650 4 |a MATLAB  |2 slo 
650 4 |a chemical reactor  |2 eng 
650 4 |a nonlinear mathematical model  |2 eng 
650 4 |a linear mathematical model  |2 eng 
650 4 |a PID  |2 eng 
650 4 |a LQR  |2 eng 
650 4 |a MATLAB  |2 eng 
700 1 |a Klaučo, Martin  |u 047220  |k Z3  |4 ths  |U FCHPT Ústav informatizácie, automatizácie a matematiky  |T FCHPT Oddelenie informatizácie a riadenia procesov  |X 50920  |U C7220  |Y 121  |7 A0000050920 
856 4 |u http://is.stuba.sk/zp/portal_zp.pl?podrobnosti=139435